Central Library OPAC University of Rajshahi

Abelian categories : (Record no. 6319)

MARC details
000 -LEADER
fixed length control field 00695cam a2200241u 4500
001 - CONTROL NUMBER
control field 6319
003 - CONTROL NUMBER IDENTIFIER
rucl marc code BD-RjUL
005 - DATE AND TIME OF LATEST TRANSACTION
control field 20211208234225.0
008 - FIXED-LENGTH DATA ELEMENTS--GENERAL INFORMATION
fixed length control field 140109s1964 nyu 001 0 eng d
035 ## - SYSTEM CONTROL NUMBER
System control number (BD-RjUL)6359
040 ## - CATALOGING SOURCE
Original cataloging agency DLC
Transcribing agency CarP
Modifying agency DLC
-- (BD-RjUL)
Language of cataloging eng
041 ## - LANGUAGE CODE
Language code of text/sound track or separate title eng
082 00 - DEWEY DECIMAL CLASSIFICATION NUMBER
Edition number 21
Classification number 512.55
Author mark and year FRA
100 1# - MAIN ENTRY--PERSONAL NAME
Personal name Freyd, Peter. [from old catalog]
9 (RLIN) 19895
245 00 - TITLE STATEMENT
Title Abelian categories :
Remainder of title An Introduction to the Theory of Function /
Statement of responsibility, etc. Freyd, Peter
260 ## - PUBLICATION, DISTRIBUTION, ETC. (IMPRINT)
Place of publication, distribution, etc. New York :
Name of publisher, distributor, etc. Harper & Row ;
Date of publication, distribution, etc. [1964]
300 ## - PHYSICAL DESCRIPTION
Pagination 163p. ;
Size 20cm.
504 ## - BIBLIOGRAPHY, ETC. NOTE
Bibliography, etc Includes Index
650 #0 - SUBJECT ADDED ENTRY--TOPICAL TERM
Topical term or geographic name as entry element Abelian categories.
9 (RLIN) 19896
942 ## - ADDED ENTRY ELEMENTS (KOHA)
Source of classification or shelving scheme Dewey Decimal Classification
Koha item type Books
Holdings
Lost status Source of classification or shelving scheme Damaged status Not for loan Collection code Permanent Location Current Location Shelving location Date acquired Source of acquisition Cost, normal purchase price Total Checkouts Full call number Date last seen Copy number Koha item type
  Dewey Decimal Classification     Non-fiction Central Library, University of Rajshahi Central Library, University of Rajshahi   26/12/1968 Zeitlinger 40.00   512.55 FRA 1966 09/01/2014 C-2 Books
  Dewey Decimal Classification     Non-fiction Central Library, University of Rajshahi Central Library, University of Rajshahi   24/01/1969 U.S.I.S     512.55 FRA 1964 11/01/2014 C-7 Books
  Dewey Decimal Classification     Non-fiction Central Library, University of Rajshahi Central Library, University of Rajshahi   26/12/1968 Zeitlinger 40.00   512.55 FRA 30/08/2016 C-3 Books
  Dewey Decimal Classification     Non-fiction Central Library, University of Rajshahi Central Library, University of Rajshahi   26/12/1968 Zeitlinger 40.00   512.55 FRA 1964 30/08/2016 C-4 Books
  Dewey Decimal Classification     Non-fiction Central Library, University of Rajshahi Central Library, University of Rajshahi   26/12/1968 Zeitlinger 40.00   512.55 FRA 1964 30/08/2016 C-5 Books
  Dewey Decimal Classification     Non-fiction Central Library, University of Rajshahi Central Library, University of Rajshahi   26/12/1968 Zeitlinger 40.00   512.55 FRA 30/08/2016 C-6 Books